000 00379nam a22001457a 4500
005 20170512121640.0
008 170512b xxu||||| |||| 00| 0 eng d
040 _cPK-LaUMT
082 _aZIAC 297.01
_bQUT-H
100 _aQutab , Sayyed
245 _aHaza uddin/
_cSayyed Qutab
260 _aبیروت:
_bالاتحاد الاسلامی،
_c[ ]
300 _a80 ص
942 _cBK
999 _c93463
_d93463